000
00322nam a2200121Ia 4500
008
220216s9999 xx 000 0 und d
100
_a
Majumdar Samir
245
0
_a
Role of air pressure in pneumatic tyre
260
_b
The Rubber International Magazine
_c
2013
300
_a
39-44
650
_a
Pneumatic tyre
942
_c
JS
999
_c
67150
_d
67150